Εκμάθηση της ελληνικής γλώσσας ως δεύτερης στο πλαίσιο αυτόνομου μαθησιακού περιβάλλοντος : η συμβολή των νέων τεχνολογιών : μεταπτυχιακή εργασία
Αποθηκεύτηκε σε:
| Κύριος συγγραφέας: | |
|---|---|
| Συγγραφή απο Οργανισμό/Αρχή: | |
| Άλλοι συγγραφείς: | |
| Μορφή: | Thesis Βιβλίο |
| Γλώσσα: | Greek |
| Δημοσίευση: |
2009
|
| Θέματα: | |
| Διαθέσιμο Online: | http://hdl.handle.net/11610/16317 |
| Ετικέτες: |
Προσθήκη ετικέτας
Δεν υπάρχουν, Καταχωρήστε ετικέτα πρώτοι!
|
MARC
| LEADER | 00000cam a2200000 i 4500 | ||
|---|---|---|---|
| 001 | 1/3941 | ||
| 008 | 100201s2009 gre d | ||
| 035 | |l 10106556 | ||
| 040 | |a GR-MY-UA |b gre |e aacr | ||
| 041 | 0 | |a gre | |
| 082 | 0 | |a 418.0071 |2 (22) | |
| 100 | 1 | |a Αραμπατζή, Γεωργία. | |
| 245 | 1 | 0 | |a Εκμάθηση της ελληνικής γλώσσας ως δεύτερης στο πλαίσιο αυτόνομου μαθησιακού περιβάλλοντος : |b η συμβολή των νέων τεχνολογιών : μεταπτυχιακή εργασία / |c Αραμπατζή Γεωργία ; επιβλέπουσα: Σκούρτου Ελένη |
| 260 | |c 2009 | ||
| 300 | |a 69 σ.; |c 30 εκ. | ||
| 502 | |a Διατριβή (μεταπτυχιακή) – Πανεπιστήμιο Αιγαίου, Ρόδος, 2009. | ||
| 504 | |a Βιβλιογραφία: σ. 67-69 | ||
| 650 | 0 | 0 | |a Language acquisition |x Case studies. |
| 650 | 0 | 0 | |a Language and languages |x Study and teaching. |
| 650 | 0 | 0 | |a Greek language, Modern |x Study and teaching |x Foreign speakers. |
| 650 | 0 | 0 | |a Dissertations, Academic |z Greece. |
| 700 | 1 | |a Σκούρτου, Ελένη. |4 ths | |
| 710 | 2 | |a Πανεπιστήμιο Αιγαίου |b Σχολή Ανθρωπιστικών Επιστημών |b Παιδαγωγικό Τμήμα Δημοτικής Εκπαίδευσης |b Πρόγραμμα Μεταπτυχιακών Σπουδών Επιστήμες της Αγωγής - Εκπαίδευση με τη Χρήση Νέων Τεχνολογιών. | |
| 852 | |a INST |b RHODES |c DIATR |e 20100201 |h 418.0071 ΑΡΑ |p 005400032328 |q 005400032328 |t MTXE |y 23 | ||
| 852 | |a INST |b RHODES |c DIATR |e 20100201 |h 418.0071 ΑΡΑ |p 005400032329 |q 005400032329 |t MTXE |y 23 | ||
| 856 | |u http://hdl.handle.net/11610/16317 | ||
| 901 | |a BIBL4-2010-1 | ||
| 909 | |a Ρ |b 159559 | ||
| 909 | |a Ρ |b 159558 | ||
| 924 | |a ΑΡΑΜΠΑΤΖΗ |b ΓΕΩΡΓΙΑ |y ΡΟΔΟΣ |z 2009-10 | ||
| 970 | |a ΚΟΖΑ |b ΜΑΡΙΑ |z 2010/02/01 | ||